[Event "chess.com SpeedChess Q2KO"]
[Site "chess.com INT"]
[Date "2022.11.13"]
[Round "2.4"]
[White "Grischuk, Alexander"]
[Black "Xiong, Jeffery"]
[Result "1-0"]
[WhiteTitle "GM"]
[BlackTitle "GM"]
[WhiteElo "2745"]
[BlackElo "2692"]
[WhiteFideId "4126025"]
[BlackFideId "2047640"]
[EventDate "2022.11.13"]
[EventType "k.o."]

1. Nf3 c5 2. e4 d6 3. Bb5+ Nc6 4. O-O Bd7 5. Re1 Nf6 6. c3 a6 7. Bf1 Bg4 8. h3
Bxf3 9. Qxf3 e6 10. d3 Be7 11. Bf4 O-O 12. Nd2 b5 13. a3 Rc8 14. Qd1 a5 15. Nf3
b4 16. a4 d5 17. e5 Nd7 18. g3 Nb6 19. h4 c4 20. d4 Qd7 21. Ng5 Nd8 22. Qb1 g6
23. h5 h6 24. Nf3 g5 25. Bd2 b3 26. Nh2 f5 27. exf6 Bxf6 28. Ng4 Bg7 29. Qg6 Kh8
30. f4 gxf4 31. Bxf4 Rxf4 32. gxf4 Nxa4 33. Nf6 Bxf6 34. Qxf6+ Kg8 35. Bh3 Nxb2
36. Re2 1-0

[Event "chess.com SpeedChess Q2KO"]
[Site "chess.com INT"]
[Date "2022.11.13"]
[Round "2.4"]
[White "Naroditsky, Daniel"]
[Black "Artemiev, Vladislav"]
[Result "1/2-1/2"]
[WhiteTitle "GM"]
[BlackTitle "GM"]
[WhiteElo "2617"]
[BlackElo "2701"]
[WhiteFideId "2026961"]
[BlackFideId "24101605"]
[EventDate "2022.11.13"]
[EventType "k.o."]

1. e4 e5 2. Nf3 Nc6 3. Bb5 Nf6 4. O-O Nxe4 5. d4 Nd6 6. dxe5 Nxb5 7. a4 d6 8. e6
Bxe6 9. axb5 Ne5 10. Nd4 Be7 11. Nc3 O-O 12. Re1 Bf6 13. Nxe6 fxe6 14. f4 Ng6
15. Rxe6 Qd7 16. Qd5 Kh8 17. Re4 c6 18. bxc6 bxc6 19. Qd3 d5 20. Rea4 Rae8 21.
Bd2 Nh4 22. Kh1 Qg4 23. Qg3 Qxg3 24. hxg3 Nf5 25. g4 Ne3 26. g5 Bd8 27. Bxe3
Rxe3 28. Rxa7 Rxf4 29. Rd7 Rh4+ 30. Kg1 Bb6 31. Kf2 Re7+ 32. Kg3 Rxd7 33. Ra8+
Bd8 34. Kxh4 g6 35. Kg4 Kg7 36. Ne2 Bb6 37. Nf4 Re7 38. Ra6 Rb7 39. Nd3 Kf8 40.
b4 Bd4 41. Rxc6 Re7 42. Nf4 Re4 43. g3 Be5 44. b5 Bxf4 45. gxf4 Rb4 46. b6 Ke7
47. Rc7+ Kd6 48. Rxh7 Rxb6 49. Rg7 Kc5 50. Rc7+ Kd4 51. Rf7 Ke4 52. Rf6 Rb2 53.
Rxg6 Rxc2 54. Re6+ Kd4 55. g6 Rg2+ 56. Kh3 Rg1 57. f5 Kc5 58. Re7 Kd6 59. Rf7 d4
60. Kh2 Rg5 61. Rf8 d3 62. Kh3 d2 63. Kh4 Rg1 64. Rd8+ Ke5 65. Rxd2 Kxf5 66. Kh3
Rxg6 67. Rf2+ Kg5 68. Rg2+ Kh6 69. Rxg6+ Kxg6 1/2-1/2

[Event "chess.com SpeedChess Q2KO"]
[Site "chess.com INT"]
[Date "2022.11.13"]
[Round "2.5"]
[White "Artemiev, Vladislav"]
[Black "Naroditsky, Daniel"]
[Result "1/2-1/2"]
[WhiteTitle "GM"]
[BlackTitle "GM"]
[WhiteElo "2701"]
[BlackElo "2617"]
[WhiteFideId "24101605"]
[BlackFideId "2026961"]
[EventDate "2022.11.13"]
[EventType "k.o."]

1. Nf3 Nf6 2. g3 g6 3. b3 Bg7 4. Bb2 O-O 5. Bg2 d6 6. d4 Nbd7 7. O-O c6 8. Nbd2
Qc7 9. e4 e5 10. Re1 Re8 11. Nc4 Nb6 12. Ncd2 Nbd7 13. a4 b5 14. axb5 cxb5 15.
c4 b4 16. c5 dxc5 17. Nxe5 cxd4 18. Nd3 Bb7 19. Rc1 Qb8 20. Bxd4 a5 21. e5 Nd5
22. Nc4 Nc3 23. Bxc3 Bxg2 24. Kxg2 bxc3 25. Rxc3 Nxe5 26. Ndxe5 Bxe5 27. Rce3
Rd8 28. Qf3 Bg7 29. Re7 Rf8 30. Rb7 Qd8 31. Ree7 Rb8 32. Rbd7 Qc8 33. Rxf7 Kh8
34. Rxf8+ Qxf8 35. Qd5 Qg8 36. Nxa5 Qxd5+ 37. Rxd5 Bc3 38. Nc6 Rxb3 39. Rd3 Ra3
40. Rd8+ Kg7 41. Rd3 Bb2 42. Rd7+ Kh8 43. h4 Ra6 44. Rd8+ Kg7 45. Rd7+ Kh8 46.
Nb4 Re6 47. Nd3 Bf6 48. Nf4 Re7 49. Rd5 Kg7 50. Nd3 Rf7 51. Rd6 Re7 52. Rc6 Rd7
53. Nf4 Be5 54. Ne6+ Kg8 55. Ng5 Rd8 56. f4 Bg7 57. Kh3 Re8 58. Rc7 Re1 59. Rc8+
Bf8 60. Nxh7 Kxh7 61. Rxf8 Kg7 62. Ra8 Re7 63. Kg4 Rb7 64. Ra5 Kh6 65. h5 Rg7
66. Ra6 Kh7 67. Rxg6 Rc7 68. Kg5 Rg7 69. Rxg7+ Kh8 70. h6 1/2-1/2

[Event "chess.com SpeedChess Q2KO"]
[Site "chess.com INT"]
[Date "2022.11.13"]
[Round "2.5"]
[White "Xiong, Jeffery"]
[Black "Grischuk, Alexander"]
[Result "1/2-1/2"]
[WhiteTitle "GM"]
[BlackTitle "GM"]
[WhiteElo "2692"]
[BlackElo "2745"]
[WhiteFideId "2047640"]
[BlackFideId "4126025"]
[EventDate "2022.11.13"]
[EventType "k.o."]

1. d4 Nf6 2. c4 e6 3. Nc3 Bb4 4. Nf3 O-O 5. Bg5 c5 6. e3 cxd4 7. exd4 d5 8. Rc1
Nc6 9. a3 Be7 10. c5 Ne4 11. Bxe7 Qxe7 12. Be2 Rd8 13. b4 e5 14. Nxe5 Nxe5 15.
dxe5 Nxc3 16. Rxc3 d4 17. Rg3 Qxe5 18. O-O Bf5 19. Bc4 d3 20. Bxd3 a5 21. Qh5 g6
22. Qe2 Qxe2 23. Bxe2 axb4 24. axb4 Rd2 25. Bf3 Ra4 26. b5 Rb4 27. Bxb7 Rxb5 28.
c6 Rc5 29. Re3 Bd3 30. Rfe1 Bb5 31. Re8+ Kg7 32. Rc8 Rdc2 33. h3 Bxc6 34. Rxc6
Rxc6 35. Bxc6 Rxc6 1/2-1/2

[Event "chess.com SpeedChess Q2KO"]
[Site "chess.com INT"]
[Date "2022.11.13"]
[Round "2.6"]
[White "Grischuk, Alexander"]
[Black "Xiong, Jeffery"]
[Result "1-0"]
[WhiteTitle "GM"]
[BlackTitle "GM"]
[WhiteElo "2745"]
[BlackElo "2692"]
[WhiteFideId "4126025"]
[BlackFideId "2047640"]
[EventDate "2022.11.13"]
[EventType "k.o."]

1. Nf3 d5 2. g3 Nc6 3. d4 Bf5 4. Bg2 Nb4 5. Na3 e6 6. O-O h6 7. Ne5 c6 8. c3 Na6
9. Qa4 Qb6 10. Nac4 dxc4 11. Nxc6 Nc7 12. Na5+ Qb5 13. Qxb5+ Nxb5 14. Bxb7 Rb8
15. Bc6+ Kd8 16. Nxc4 g5 17. f4 Nd6 18. Nxd6 Bxd6 19. e4 Bh3 20. Rf2 gxf4 21. e5
Bc7 22. Bxf4 Ne7 23. Bg2 Bf5 24. Raf1 Kd7 25. Bc1 Rb5 26. g4 Bg6 27. h4 h5 28.
gxh5 Rxh5 29. Bg5 Nf5 30. Bf3 Rh7 31. Rh2 Bb6 32. h5 Nxd4 33. cxd4 Bxd4+ 34. Kh1
Rxe5 35. Bf6 Bxh5 36. Bxe5 1-0

[Event "chess.com SpeedChess Q2KO"]
[Site "chess.com INT"]
[Date "2022.11.13"]
[Round "2.6"]
[White "Naroditsky, Daniel"]
[Black "Artemiev, Vladislav"]
[Result "1/2-1/2"]
[WhiteTitle "GM"]
[BlackTitle "GM"]
[WhiteElo "2617"]
[BlackElo "2701"]
[WhiteFideId "2026961"]
[BlackFideId "24101605"]
[EventDate "2022.11.13"]
[EventType "k.o."]

1. e4 e5 2. Nf3 Nc6 3. Bb5 Nf6 4. O-O Nxe4 5. d4 Nd6 6. dxe5 Nxb5 7. a4 d6 8. e6
Bxe6 9. axb5 Ne5 10. Nd4 Be7 11. Nc3 O-O 12. Re1 Bf6 13. Nxe6 fxe6 14. f4 Ng6
15. Rxe6 Qd7 16. Qd5 Kh8 17. Re1 c6 18. bxc6 bxc6 19. Qd3 d5 20. Be3 Rae8 21.
Bd2 Nh4 22. Rxe8 Rxe8 23. Re1 Rxe1+ 24. Bxe1 Nf5 25. Bf2 h6 26. b3 Nd6 1/2-1/2

[Event "chess.com SpeedChess Q2KO"]
[Site "chess.com INT"]
[Date "2022.11.13"]
[Round "2.7"]
[White "Artemiev, Vladislav"]
[Black "Naroditsky, Daniel"]
[Result "1/2-1/2"]
[WhiteTitle "GM"]
[BlackTitle "GM"]
[WhiteElo "2701"]
[BlackElo "2617"]
[WhiteFideId "24101605"]
[BlackFideId "2026961"]
[EventDate "2022.11.13"]
[EventType "k.o."]

1. Nf3 Nf6 2. g3 g6 3. Bg2 d5 4. c4 d4 5. b4 Bg7 6. d3 O-O 7. Bb2 c5 8. O-O Qc7
9. Nbd2 e5 10. bxc5 Nbd7 11. Ba3 Re8 12. Rb1 Nxc5 13. Ng5 Rb8 14. Bxc5 Qxc5 15.
Nde4 Nxe4 16. Nxe4 Qc7 17. Qa4 Bg4 18. Bf3 Bxf3 19. exf3 b6 20. Rb5 Qc6 21. Qb3
Kh8 22. c5 Re7 23. Rb1 f5 24. Nd6 Rf8 25. Qa3 bxc5 26. Qxc5 Qxf3 27. Rb8 Qxd3
28. Nxf5 Qxf5 29. Qxe7 Qxf2+ 30. Kh1 Qf3+ 31. Kg1 Qf2+ 32. Kh1 Qf3+ 33. Kg1 Qf2+ 1/2-1/2

[Event "chess.com SpeedChess Q2KO"]
[Site "chess.com INT"]
[Date "2022.11.13"]
[Round "2.7"]
[White "Xiong, Jeffery"]
[Black "Grischuk, Alexander"]
[Result "1/2-1/2"]
[WhiteTitle "GM"]
[BlackTitle "GM"]
[WhiteElo "2692"]
[BlackElo "2745"]
[WhiteFideId "2047640"]
[BlackFideId "4126025"]
[EventDate "2022.11.13"]
[EventType "k.o."]

1. d4 Nf6 2. c4 e6 3. Nc3 d5 4. cxd5 exd5 5. Bg5 c6 6. e3 Bf5 7. Qf3 Bg6 8. Bxf6
Qxf6 9. Qxf6 gxf6 10. Kd2 Nd7 11. Bd3 Nb6 12. Nf3 a5 13. Nh4 Nc8 14. e4 dxe4 15.
Nxe4 Be7 16. Ng3 Nd6 17. Rhe1 Kf8 18. a3 Rd8 19. Rad1 f5 20. Nhxf5 Nxf5 21. Bxf5
Rxd4+ 22. Kc2 Rxd1 23. Rxd1 Bh4 24. Bxg6 hxg6 25. Rd7 Bxg3 26. hxg3 Rh2 27. Kd2
Rxg2 28. Ke2 b5 29. Rc7 Rg1 30. Rxc6 Rb1 31. Rc2 Ke7 32. Kf3 Kd6 33. Kf4 f6 34.
g4 Kd5 35. g5 fxg5+ 36. Kxg5 Rg1+ 37. Kf4 b4 38. axb4 axb4 39. b3 Rb1 40. Rd2+
Ke6 41. Rd3 Kf6 42. Ke4 g5 43. Kd4 Rc1 44. Kd5 Rc3 45. Kd4 Rc2 46. Rf3+ Ke6 47.
Ke4 g4 48. Rg3 Rxf2 49. Rxg4 Rb2 50. Rg3 Kd6 51. Kd4 Rc2 52. Rg6+ Kc7 53. Rg3
Kb6 54. Kd5 Rc5+ 55. Kd4 Rc2 56. Rg6+ Kb5 57. Rg5+ Kb6 58. Rg6+ Kb5 59. Rg5+ Kb6
60. Rg6+ 1/2-1/2

[Event "chess.com SpeedChess Q2KO"]
[Site "chess.com INT"]
[Date "2022.11.13"]
[Round "2.8"]
[White "Grischuk, Alexander"]
[Black "Xiong, Jeffery"]
[Result "0-1"]
[WhiteTitle "GM"]
[BlackTitle "GM"]
[WhiteElo "2745"]
[BlackElo "2692"]
[WhiteFideId "4126025"]
[BlackFideId "2047640"]
[EventDate "2022.11.13"]
[EventType "k.o."]

1. Nf3 d5 2. g3 Nd7 3. Bg2 e5 4. O-O Bd6 5. d3 c6 6. e4 Ngf6 7. Re1 O-O 8. Nc3
dxe4 9. Nxe4 Nxe4 10. dxe4 Nc5 11. Nh4 g6 12. Qe2 Qe7 13. Nf3 f6 14. Nd2 Be6 15.
Nc4 Bc7 16. a4 Nxa4 17. Nxe5 Nc3 18. bxc3 fxe5 19. Be3 Bb6 20. Bxb6 axb6 21. Qe3
Qc5 22. Rab1 Qxe3 23. Rxe3 b5 24. Bf1 Ra2 25. Bd3 Ra3 26. Be2 Rd8 27. h4 Rd2 28.
Rc1 b4 29. Kf1 Rxc3 30. Rxc3 bxc3 31. Ke1 Rd4 32. f3 Ra4 33. Rd1 Kf7 34. Rd8
Ra1+ 35. Kf2 Ra2 36. Bd3 Ke7 37. Rb8 Rb2 38. Ke3 c5 39. f4 c4 40. Be2 Kd6 41.
Bd1 Rb1 42. Be2 b5 43. Rb6+ Ke7 44. fxe5 b4 45. Kd4 b3 46. cxb3 c2 0-1

[Event "chess.com SpeedChess Q2KO"]
[Site "chess.com INT"]
[Date "2022.11.13"]
[Round "2.8"]
[White "Naroditsky, Daniel"]
[Black "Artemiev, Vladislav"]
[Result "1/2-1/2"]
[WhiteTitle "GM"]
[BlackTitle "GM"]
[WhiteElo "2617"]
[BlackElo "2701"]
[WhiteFideId "2026961"]
[BlackFideId "24101605"]
[EventDate "2022.11.13"]
[EventType "k.o."]

1. e4 e5 2. Nf3 Nc6 3. Bb5 a6 4. Ba4 Nf6 5. O-O Be7 6. d3 d6 7. c4 Bg4 8. Be3
O-O 9. h3 Bxf3 10. Qxf3 Nd7 11. Bxc6 bxc6 12. Nc3 Rb8 13. b3 Bg5 14. Rad1 c5 15.
Bxg5 Qxg5 16. Qe3 h6 17. Nd5 Rb7 18. f4 exf4 19. Rxf4 c6 20. h4 Qd8 21. Nc3 Ne5
22. Rdf1 Ng6 23. Rg4 Ne5 24. Rgf4 Ng6 25. Rg4 Ne5 26. Rgf4 1/2-1/2

[Event "chess.com SpeedChess Q2KO"]
[Site "chess.com INT"]
[Date "2022.11.13"]
[Round "2.9"]
[White "Artemiev, Vladislav"]
[Black "Naroditsky, Daniel"]
[Result "1-0"]
[WhiteTitle "GM"]
[BlackTitle "GM"]
[WhiteElo "2701"]
[BlackElo "2617"]
[WhiteFideId "24101605"]
[BlackFideId "2026961"]
[EventDate "2022.11.13"]
[EventType "k.o."]

1. Nf3 Nf6 2. g3 g6 3. Bg2 Bg7 4. O-O O-O 5. d4 d5 6. c4 dxc4 7. Na3 c3 8. bxc3
c5 9. Bb2 Nc6 10. Re1 Qb6 11. Nc4 Qa6 12. Ncd2 Rd8 13. e4 cxd4 14. cxd4 Bg4 15.
h3 Bxf3 16. Nxf3 Nd7 17. Qe2 Qxe2 18. Rxe2 Nb6 19. d5 Bxb2 20. Rxb2 Na5 21. Bf1
Rac8 22. Rb5 Nac4 23. a4 Nd6 24. Rb4 Rc7 25. Rab1 Rb8 26. a5 Nd7 27. e5 Ne8 28.
Bb5 Nc5 29. Rc4 b6 30. Rbc1 Rd8 31. axb6 axb6 32. Rd1 Ng7 33. Rcd4 Nf5 34. R4d2
Ra7 35. d6 exd6 36. exd6 Nb3 37. Rb2 Nc5 38. d7 Ra5 39. Ne5 Ne7 40. Bc4 Na4 41.
Re2 Kg7 42. Nxf7 Nc3 43. Rxe7 Kf6 44. Nxd8 1-0

[Event "chess.com SpeedChess Q2KO"]
[Site "chess.com INT"]
[Date "2022.11.13"]
[Round "2.9"]
[White "Xiong, Jeffery"]
[Black "Grischuk, Alexander"]
[Result "1-0"]
[WhiteTitle "GM"]
[BlackTitle "GM"]
[WhiteElo "2692"]
[BlackElo "2745"]
[WhiteFideId "2047640"]
[BlackFideId "4126025"]
[EventDate "2022.11.13"]
[EventType "k.o."]

1. d4 Nf6 2. c4 e6 3. Nc3 d5 4. cxd5 exd5 5. Bg5 c6 6. e3 Bf5 7. Qb3 Qb6 8. Bxf6
gxf6 9. Kd2 Nd7 10. Bd3 Bg6 11. Nf3 Qc7 12. Rac1 Nb6 13. Nxd5 Nxd5 14. Qxd5 Bb4+
15. Ke2 Qe7 16. Qb3 O-O-O 17. Rc4 Bd6 18. Rhc1 Bc7 19. Ra4 Bb6 20. Bxg6 hxg6 21.
d5 c5 22. h3 Kb8 23. Kf1 f5 24. Rd1 g5 25. Qc2 Qf6 26. Rc4 Rdg8 27. Qc3 Qxc3 28.
Rxc3 g4 29. hxg4 fxg4 30. Ne5 g3 31. f4 Rh2 32. Nf3 Rh6 33. Ke2 f5 34. d6 Kc8
35. Rd5 Rf6 36. b4 c4 37. Rxc4+ Kd7 38. Ne5+ Ke6 39. Rd2 Rd8 40. d7 Ke7 41. Rc8 1-0

[Event "chess.com SpeedChess Q2KO"]
[Site "chess.com INT"]
[Date "2022.11.13"]
[Round "2.10"]
[White "Grischuk, Alexander"]
[Black "Xiong, Jeffery"]
[Result "1/2-1/2"]
[WhiteTitle "GM"]
[BlackTitle "GM"]
[WhiteElo "2745"]
[BlackElo "2692"]
[WhiteFideId "4126025"]
[BlackFideId "2047640"]
[EventDate "2022.11.13"]
[EventType "k.o."]

1. e4 e5 2. Nf3 Nf6 3. Nxe5 d6 4. Nf3 Nxe4 5. Nc3 Nxc3 6. dxc3 Be7 7. Be3 O-O 8.
Qd2 Nd7 9. O-O-O c6 10. h4 Nf6 11. Bd3 Bg4 12. Rde1 Bxf3 13. gxf3 Re8 14. h5 Qa5
15. Kb1 Bf8 16. Reg1 Qd5 17. Bd4 Qxf3 18. Qg5 Re6 19. a3 Rae8 20. c4 d5 21. c5
h6 22. Qh4 Re4 23. Bxe4 Rxe4 24. Qxf6 Qxh1 25. Rxh1 gxf6 26. Rg1+ Kh7 27. Bxf6
Rf4 28. Be5 Rxf2 29. b4 Rf5 30. Bb8 Rxh5 31. Bxa7 Re5 32. Bb8 Re4 33. Kb2 Bg7+
34. Kb3 h5 35. Ka4 Re3 36. Rh1 Kg6 37. Rg1+ Kh7 38. Rh1 Bb2 39. Ka5 Kg6 40. Rg1+
Kf5 41. Rh1 Kg6 42. Rg1+ Kf5 43. Rh1 Kg6 1/2-1/2

[Event "chess.com SpeedChess Q2KO"]
[Site "chess.com INT"]
[Date "2022.11.13"]
[Round "2.10"]
[White "Naroditsky, Daniel"]
[Black "Artemiev, Vladislav"]
[Result "1-0"]
[WhiteTitle "GM"]
[BlackTitle "GM"]
[WhiteElo "2617"]
[BlackElo "2701"]
[WhiteFideId "2026961"]
[BlackFideId "24101605"]
[EventDate "2022.11.13"]
[EventType "k.o."]

1. e4 e5 2. Nf3 Nc6 3. Bb5 Nf6 4. O-O Nxe4 5. d4 Nd6 6. Ba4 e4 7. Ne5 g6 8. Nc3
Bg7 9. Bf4 O-O 10. Re1 Nf5 11. Rxe4 Nfxd4 12. Nd5 d6 13. Nxc6 Nxc6 14. Qd2 Bf5
15. Re3 Ne5 16. Bb3 c6 17. Nc3 Ng4 18. Rg3 d5 19. Re1 Qd7 20. h3 Nf6 21. Be5
Rfe8 22. Rge3 Re7 23. Qd4 Rxe5 24. Rxe5 Ne8 25. g4 Bxe5 26. Rxe5 Be6 27. Ne2 Ng7
28. Nf4 Qd6 29. c3 Re8 30. Nd3 b6 31. Qe3 Bd7 32. f4 f6 33. Rxe8+ Nxe8 34. c4
Nc7 35. c5 Qe6 36. Qd4 Nb5 37. Qf2 Qe4 38. Bc2 a5 39. cxb6 Nd4 40. b7 Nf3+ 41.
Kf1 Nd4 42. b8=Q+ Kg7 43. Ne1 Qh1+ 44. Qg1 Qxh3+ 45. Qg2 Qe3 46. Qb7 Qxf4+ 47.
Qf2 Qxg4 48. Bd1 Qh3+ 49. Qg2 Qf5+ 50. Qf2 Qh3+ 51. Kg1 Kh6 52. Qxd4 1-0

[Event "chess.com SpeedChess Q2KO"]
[Site "chess.com INT"]
[Date "2022.11.13"]
[Round "2.11"]
[White "Artemiev, Vladislav"]
[Black "Naroditsky, Daniel"]
[Result "1-0"]
[WhiteTitle "GM"]
[BlackTitle "GM"]
[WhiteElo "2701"]
[BlackElo "2617"]
[WhiteFideId "24101605"]
[BlackFideId "2026961"]
[EventDate "2022.11.13"]
[EventType "k.o."]

1. Nf3 g6 2. e4 Bg7 3. d4 d6 4. Bc4 c6 5. O-O Nf6 6. e5 dxe5 7. dxe5 Nd5 8. h3
O-O 9. Qe2 Qc7 10. Rd1 Rd8 11. Nbd2 Nf4 12. Qe1 Be6 13. Bb3 Bxb3 14. Nxb3 Rxd1
15. Qxd1 Ne6 16. Nbd4 Nxd4 17. Qxd4 Nd7 18. Bf4 Nf8 19. Be3 Ne6 20. Qe4 Rd8 21.
a4 a5 22. b4 axb4 23. Qxb4 c5 24. Qe4 Nd4 25. Bxd4 cxd4 26. Rb1 Qc6 27. Qxc6
bxc6 28. Rb7 Ra8 29. Rxe7 Bf8 30. Rc7 c5 31. Ng5 Rxa4 32. Nxf7 Ra2 33. Ng5 Rxc2
34. Ne4 Bg7 35. e6 Re2 36. Rc8+ 1-0

[Event "chess.com SpeedChess Q2KO"]
[Site "chess.com INT"]
[Date "2022.11.13"]
[Round "2.11"]
[White "Xiong, Jeffery"]
[Black "Grischuk, Alexander"]
[Result "0-1"]
[WhiteTitle "GM"]
[BlackTitle "GM"]
[WhiteElo "2692"]
[BlackElo "2745"]
[WhiteFideId "2047640"]
[BlackFideId "4126025"]
[EventDate "2022.11.13"]
[EventType "k.o."]

1. d4 Nf6 2. c4 e6 3. Nc3 Bb4 4. Nf3 b6 5. Qc2 Bb7 6. a3 Bxc3+ 7. Qxc3 d6 8. e3
Nbd7 9. Be2 Ne4 10. Qc2 Ng5 11. Nd2 Bxg2 12. Rg1 Bb7 13. Rg3 f5 14. d5 Qf6 15.
Rb1 Nc5 16. b4 Nce4 17. Bb2 e5 18. Nxe4 Nxe4 19. Rg2 O-O 20. f3 Qh4+ 21. Kd1 Qh3
22. Rg1 Qxh2 23. Re1 Nf2+ 24. Kd2 Rf6 25. Rg1 Raf8 26. Rg5 f4 27. Rbg1 fxe3+ 28.
Kc1 g6 29. c5 Bxd5 30. cxd6 cxd6 31. Qc7 Qf4 32. R5g3 Be6 33. Kb1 Bf5+ 34. Ka1
Bd3 35. Bxd3 Nxd3 36. Rh3 R6f7 37. Qxd6 Nxb2 38. Rh6 0-1

[Event "chess.com SpeedChess Q2KO"]
[Site "chess.com INT"]
[Date "2022.11.13"]
[Round "2.12"]
[White "Grischuk, Alexander"]
[Black "Xiong, Jeffery"]
[Result "1/2-1/2"]
[WhiteTitle "GM"]
[BlackTitle "GM"]
[WhiteElo "2745"]
[BlackElo "2692"]
[WhiteFideId "4126025"]
[BlackFideId "2047640"]
[EventDate "2022.11.13"]
[EventType "k.o."]

1. e4 e6 2. d4 d5 3. e5 c5 4. c3 Nc6 5. Nf3 Qb6 6. Be2 cxd4 7. cxd4 Nh6 8. Bxh6
Qxb2 9. Nbd2 gxh6 10. O-O Bd7 11. Nb3 a5 12. Ne1 a4 13. Nd3 Qa3 14. Nbc5 Nxd4
15. Nxd7 Kxd7 16. Bh5 Be7 17. Bxf7 Rhf8 18. Bh5 Rac8 19. g3 Rc3 20. Nf4 Bc5 21.
Qg4 Rf5 22. Qg7+ Be7 23. Bg4 Rg5 24. Qxh7 Rxg4 25. Nh5 Rf3 26. Nf6+ Rxf6 27.
exf6 Ne2+ 28. Kg2 Nf4+ 29. Kg1 Nh3+ 30. Kg2 Nf4+ 31. Kg1 Ne2+ 32. Kg2 Nf4+ 1/2-1/2

[Event "chess.com SpeedChess Q2KO"]
[Site "chess.com INT"]
[Date "2022.11.13"]
[Round "2.12"]
[White "Naroditsky, Daniel"]
[Black "Artemiev, Vladislav"]
[Result "1/2-1/2"]
[WhiteTitle "GM"]
[BlackTitle "GM"]
[WhiteElo "2617"]
[BlackElo "2701"]
[WhiteFideId "2026961"]
[BlackFideId "24101605"]
[EventDate "2022.11.13"]
[EventType "k.o."]

1. d4 d5 2. Nc3 Nf6 3. Bf4 a6 4. e3 b5 5. Nf3 e6 6. Ne5 c5 7. dxc5 Bxc5 8. Bd3
Bb7 9. Qf3 Nbd7 10. O-O O-O 11. Qh3 g6 12. Ne2 Nh5 13. Nxd7 Nxf4 14. exf4 Qxd7
15. c3 b4 16. Rad1 bxc3 17. bxc3 Rac8 18. Nd4 Qc7 19. Qh6 Rfe8 20. Rb1 Bf8 21.
Qh4 Qxc3 22. Rxb7 Qxd4 23. Bxa6 Ra8 24. Bb5 Reb8 25. Rxb8 Rxb8 26. a4 Rc8 27.
Qg3 Rc2 28. Qf3 Bc5 29. g3 Rc3 30. Qe2 Qe4 31. Qxe4 dxe4 32. Re1 e3 33. fxe3
Rxe3 1/2-1/2

[Event "chess.com SpeedChess Q2KO"]
[Site "chess.com INT"]
[Date "2022.11.13"]
[Round "2.13"]
[White "Artemiev, Vladislav"]
[Black "Naroditsky, Daniel"]
[Result "0-1"]
[WhiteTitle "GM"]
[BlackTitle "GM"]
[WhiteElo "2701"]
[BlackElo "2617"]
[WhiteFideId "24101605"]
[BlackFideId "2026961"]
[EventDate "2022.11.13"]
[EventType "k.o."]

1. Nf3 g6 2. e4 c5 3. c3 Nf6 4. e5 Nd5 5. d4 cxd4 6. Qxd4 Nb6 7. a4 Nc6 8. Qe4
d5 9. exd6 Bf5 10. Qf4 exd6 11. Be2 Bg7 12. O-O O-O 13. Rd1 Re8 14. Be3 Re4 15.
Qxd6 Qxd6 16. Rxd6 Rxa4 17. Na3 Bf8 18. Rdd1 Bxa3 19. bxa3 Re8 20. Bb5 Rae4 21.
a4 Nc4 22. Bd4 N4a5 23. Bf6 R4e6 24. Bg5 a6 25. Bf1 Nb3 26. Ra2 Nc5 27. Be3 Ne4
28. Rc1 Ne5 29. Nd4 Rf6 30. Nxf5 Rxf5 31. Rb2 Nd6 32. Bd4 Nc6 33. Bb6 Rd5 34.
Bc7 Rc8 35. Bxd6 Rxd6 36. Rxb7 Ne5 37. Ra7 Rcc6 38. Re1 Re6 39. f4 Nf3+ 40. gxf3
Rxe1 41. Kf2 Ra1 42. Bd3 Rxa4 43. Be4 Rxc3 44. f5 Kg7 45. Bd5 gxf5 46. Bxf7 Kf6
47. Bd5 f4 48. Kg2 Ke5 49. Be4 Ra2+ 50. Kh3 a5 51. Kg4 Rg2+ 52. Kh3 Ra2 53. Kg4
a4 54. Ra5+ Kd4 55. Kxf4 a3 56. Ra4+ Kc5 57. Ra7 Kb4 58. Ke5 Rxh2 59. Rb7+ Kc4
60. Rc7+ Kb3 61. Rb7+ Ka2 62. Bd5+ Ka1 63. f4 Rb2 64. Rxh7 Re2+ 65. Kd4 Rc1 66.
Ra7 Rd1+ 67. Kc5 Rc2+ 68. Kd6 a2 69. Ke5 Re2+ 70. Kd6 Red2 71. Rxa2+ Rxa2 72.
Ke5 Re2+ 73. Be4 Rde1 0-1

[Event "chess.com SpeedChess Q2KO"]
[Site "chess.com INT"]
[Date "2022.11.13"]
[Round "2.13"]
[White "Xiong, Jeffery"]
[Black "Grischuk, Alexander"]
[Result "1/2-1/2"]
[WhiteTitle "GM"]
[BlackTitle "GM"]
[WhiteElo "2692"]
[BlackElo "2745"]
[WhiteFideId "2047640"]
[BlackFideId "4126025"]
[EventDate "2022.11.13"]
[EventType "k.o."]

1. e4 e6 2. d4 d5 3. e5 c5 4. c3 Nc6 5. Nf3 Qb6 6. Be2 Bd7 7. O-O cxd4 8. cxd4
Nge7 9. Na3 Nf5 10. Nc2 a5 11. g4 Nfe7 12. Bd3 h5 13. h3 hxg4 14. hxg4 Nb4 15.
Nxb4 axb4 16. Kg2 Bb5 17. Be3 Ng6 18. Qc2 Bxd3 19. Qxd3 Be7 20. Rfc1 Kd7 21. a4
Nh4+ 22. Nxh4 Rxh4 23. Qe2 Rah8 24. Qb5+ Qxb5 25. axb5 Rxg4+ 26. Kf3 Rgh4 27. b6
Rc8 28. Rxc8 Kxc8 29. Rc1+ Kb8 30. Rc7 Bd8 31. Rxf7 Bxb6 32. Kg3 Re4 33. Rf4
Rxf4 34. Kxf4 Bd8 35. b3 Kc8 36. Kg4 g6 37. Bg5 Bb6 38. Be3 Bd8 39. Bd2 Kd7 40.
Bxb4 Ke8 41. Bd2 Bb6 42. Be3 Kf7 43. Kg5 Bd8+ 44. Kg4 Bb6 45. Kg5 Bd8+ 46. Kg4
Bb6 1/2-1/2

[Event "chess.com SpeedChess Q2KO"]
[Site "chess.com INT"]
[Date "2022.11.13"]
[Round "2.14"]
[White "Grischuk, Alexander"]
[Black "Xiong, Jeffery"]
[Result "1/2-1/2"]
[WhiteTitle "GM"]
[BlackTitle "GM"]
[WhiteElo "2745"]
[BlackElo "2692"]
[WhiteFideId "4126025"]
[BlackFideId "2047640"]
[EventDate "2022.11.13"]
[EventType "k.o."]

1. e4 e6 2. d4 d5 3. e5 c5 4. c3 Nc6 5. Nf3 Qb6 6. Be2 cxd4 7. cxd4 Nh6 8. Bxh6
Qxb2 9. Nc3 Qxc3+ 10. Bd2 Qa3 11. O-O Bb4 12. Rb1 a5 13. Qc2 Bxd2 14. Qxd2 Qe7
15. Rfc1 O-O 16. Rc3 f6 17. exf6 Qxf6 18. Bb5 Bd7 19. Bxc6 Bxc6 20. Ne5 Qf4 21.
Re3 Rf6 22. g3 Qf5 23. Rc1 Raf8 24. Rf3 Qh3 25. Rxf6 Rxf6 26. Nxc6 bxc6 27. Rxc6
h5 28. Qd3 Qg4 29. Rc8+ Rf8 30. Rxf8+ Kxf8 31. Kg2 h4 32. h3 Qg5 33. Qa3+ Kg8
34. Qxa5 hxg3 35. fxg3 Qe3 36. Qc5 Qe2+ 37. Kg1 Qe1+ 38. Kg2 Qe2+ 39. Kg1 Qe3+
40. Kg2 Qe2+ 1/2-1/2